Ancient India. (Record no. 54378)

MARC details
000 -LEADER
fixed length control field 00640cam a22002531 4500
001 - CONTROL NUMBER
control field sa 63002260
003 - CONTROL NUMBER IDENTIFIER
control field DLC
005 - DATE AND TIME OF LATEST TRANSACTION
control field 20260227111932.0
008 - FIXED-LENGTH DATA ELEMENTS--GENERAL INFORMATION
fixed length control field 850311s1962 ii a 001 0 eng
010 ## - LIBRARY OF CONGRESS CONTROL NUMBER
LC control number sa 63002260
035 ## - SYSTEM CONTROL NUMBER
System control number (OCoLC)11790600
040 ## - CATALOGING SOURCE
Original cataloging agency DLC
Transcribing agency OWoC
Modifying agency DLC
042 ## - AUTHENTICATION CODE
Authentication code premarc
043 ## - GEOGRAPHIC AREA CODE
Geographic area code a-ii---
045 ## - TIME PERIOD OF CONTENT
Time period code a0o0
050 00 - LIBRARY OF CONGRESS CALL NUMBER
Classification number DS451
Item number .M18 1962
100 1# - MAIN ENTRY--PERSONAL NAME
Personal name Mahajan, Vidya Dhar.
245 10 - TITLE STATEMENT
Title Ancient India.
250 ## - EDITION STATEMENT
Edition statement [2d ed.]
260 ## - PUBLICATION, DISTRIBUTION, ETC.
Place of publication, distribution, etc. Delhi,
Name of publisher, distributor, etc. S. Chand,
Date of publication, distribution, etc. 1962.
300 ## - PHYSICAL DESCRIPTION
Extent 585 p.
Other physical details illus.
Dimensions 23 cm.
651 #0 - SUBJECT ADDED ENTRY--GEOGRAPHIC NAME
Geographic name India
General subdivision History
Chronological subdivision To 324 B.C.
651 #0 - SUBJECT ADDED ENTRY--GEOGRAPHIC NAME
Geographic name India
General subdivision History
Chronological subdivision 324 B.C.-1000 A.D.

No items available.

Powered by Koha